Best Soccer Players To Never Win A Champions League Minefield - Statistics

General Stats
  • This quiz has been taken 110 times
  • The average score is 5 of 15
Answers on the Grid
Answers color-coded by a green-red scale on the quiz's grid according to % correct below.
Ronaldo Nazário
Robert Lewandowski
Roberto Baggio
Steven Gerrard
Ruud van Nistelrooy
Jude Bellingham
Lothar Matthaus
Gianluigi Buffon
David Beckham
Zlatan Ibrahimovic
Cole Palmer
Fabio Cannavaro
Deco
Arturo Vidal
Patrick Vieira
John Terry
Lilian Thuram
Kevin De Bruyne
Ivan Perisic
Antoine Griezmann
Gabriel Batistuta
Ricardo Quaresma
Mohammed Salah
Kylian Mbappe
Joshua Zirkzee
Lionel Messi
Cristiano Ronaldo
Gheorghe Hagi
Michael Owen
Ronaldinho
 
Answer Stats
Answer % Correct
Robert Lewandowski
85%
Jude Bellingham
55%
Steven Gerrard
53%
Cristiano Ronaldo
38%
Lionel Messi
38%
David Beckham
36%
Mohammed Salah
36%
Kevin De Bruyne
34%
Cole Palmer
30%
Ronaldinho
30%
Deco
25%
John Terry
23%
Joshua Zirkzee
11%
Ivan Perisic
9%
Ricardo Quaresma
2%
No matching quizzes found
Score Distribution
Percent of People with Each Score
Percentile by Number Answered
Your Score History
You have not taken this quiz